LEADER 01118nam a2200253 u 4500 001 000000021731 003 CaOOAMICUS 005 20070226111039.0 008 950403s1970 it u000 u eng u 035 $a10540055 040 $aPUL(R)$bita 100 1 $aPrentice, Robert P.,$cO.F.M.$0(OLS)http://pul/name/18588 245 14$aThe basic quidditative metaphysics of Duns Scotus as seen in his "De primo principio" /$cRobert P. Prentice. 260 $aRoma :$bEd. Antonianum,$c1970. 300 $a[2], 230, [1] p. ;$c24 cm 490 1 $aSpicilegium Pontificii Athenaei Antoniani ;$v16 500 $aContiene indice analitico. 830 0$aSpicilegium Pontificii Athenaei Antoniani ;$v16.$0(OLS)http://pul/title/1487 850 $aPUL 852 $aPUL$W1$xSL Religione 1$y3$m79.M$j1302$nBK-PRI$b $qStampati$B30544$CPULBib$Z2$F30544 $H $81 941 1 $a8 961 $aINV: 33086 996 $6245$aThe basic quidditative metaphysics of Duns Scotus as seen in his "De primo principio"$9(OLS)http://pul/title/30392 996 $6260$aRoma :$bEd. Antonianum$9(OLS)http://pul/publisher/48863 LEADER 01403nam a2200337 a 4500 001 000000169853 003 CaOOAMICUS 005 20181009153045.0 008 181009s2018 it u000 u ita r 020 $a978-88-14-2165-7* 032 $aLibriCat 040 $aPUL$bita 082 $a347 110 1 $aItalia.$0(OLS)http://pul/name/1188 240 10$aCodice delle confische (2018).$0(OLS)http://pul/title/210512 245 10$aCodice delle confische / $ca cura di Tomaso Epidendio, Gianluca Varraso. 260 $aMilano :$bGiuffrè,$c©2018. 300 $aXXXIII, 1671 p. ; $c25 cm. 490 1 $aLe fonti del diritto italiano 650 4$aConfisca$xDiritto.$0(OLS)http://pul/subject/38534 700 1 $aEpidendio, Tomaso Emilio ,$d1964-$0(OLS)http://pul/name/109305 700 1 $aVarraso, Gianluca.$0(OLS)http://pul/name/106743 830 3$aLe fonti del diritto italiano.$0(OLS)http://pul/title/104091 850 $aPUL 852 $aPUL$W1$xSL Diritto e Scienze Sociali 3$y79$m347 EPITO 1$j192772$qDDC 21$B197963$CPULBib$Z2$F197963 $H169853 $81 941 1 $a9 996 $6020$a978-88-14-2165-7*$9(OLS)http://pul/number/164852 996 $6082$a347$9(OLS)http://pul/classification/450 996 $6245$aCodice delle confische / $9(OLS)http://pul/title/210513 996 $6260$aMilano :$bGiuffrè$9(OLS)http://pul/publisher/48401